'D' Vocabulary (Hard) Quiz Stats

 Plays Quiz Updated Dec 3, 2016

Support Sporcle.
Go Orange.
Score 0/25 Timer 09:00
0 Plays Today
% Correct
deforest
93.9%
dainty
92.8%
dactylography
92.6%
duplex
91.8%
dowry
90.9%
dentin
90.7%
decanter
89.9%
dexterous
89.9%
delirious
87.7%
disgracious
86.5%
datum
85.3%
diction
85.3%
dystopia
84.9%
% Correct
dubious
84.3%
dugong
84.2%
dale
81.9%
drivel
81.6%
dole
78.9%
discordance
78.5%
disparage
78.2%
dissent
73.3%
diatribe
73%
deleterious
72.7%
deign
63.1%
dolorous
60.1%

You're not logged in!

Compare scores with friends on all Sporcle quizzes.
OR
Log In

From the Vault

Odd One Out: Voice Acting Roles

by JoeFish

These actors voice your favorite cartoon characters...most of the time.
Remove Ads.
Support Sporcle.
Get the best of Sporcle when you Go Orange. This ad-free experience offers more features, more stats, and more fun while also helping to support Sporcle. Thank you for becoming a member.

Show Comments

Extras

Top Quizzes Today


Score Distribution

Your Account Isn't Verified!

In order to create a playlist on Sporcle, you need to verify the email address you used during registration. Go to your Sporcle Settings to finish the process.

Report this User

Report this user for behavior that violates our Community Guidelines.

Details: